[Event "Ghent op 29th"]
[Site "Ghent"]
[Date "2006.07.15"]
[Round "1"]
[White "Cuypers, Karel"]
[Black "Hulpia, Fabian"]
[Result "0-1"]
[WhiteElo "1437"]
[BlackElo "1964"]
[PlyCount "61"]
[EventDate "2006.07.15"]
[EventType "swiss"]
[EventRounds "9"]
[EventCountry "BEL"]
[SourceTitle "CBM 113 Extra"]
[Source "ChessBase"]
[SourceDate "2006.09.14"]
[SourceVersion "1"]
[SourceVersionDate "2006.09.14"]
[SourceQuality "1"]

1. e4 c5 2. Nc3 Nc6 3. f4 g6 4. Nf3 Bg7 5. Bc4 e6 6. 0-0 Nge7 7. a3 0-0 8. d3 d5 9. Ba2 b6 10. Qe2 Bb7 11. Re1 Nd4 12. Nxd4 cxd4 13. Nd1 dxe4 14. dxe4 Rc8 15. Nf2 Qc7 16. Bb3 Nc6 17. Qc4 Na5 18. Qxc7 Rxc7 19. Ba4 Bc6 20. Bxc6 Rxc6 21. Re2 Rfc8 22. b4 d3 23. Nxd3 Bxa1 24. bxa5 Bd4+ 25. Kf1 Rxc2 26. axb6 Rxc1+ 27. Ne1 axb6 28. g3 Bc3 29. Kg2 Bxe1 30. Rb2 R8c2+ 31. Kh3 0-1